[Event "SVK-chT4 A21 1920"]
[Site "Slovakia"]
[Date "2020.01.26"]
[Round "7.5"]
[White "Svrcek, Daniel"]
[Black "Pisecky, Jan"]
[Result "1-0"]
[WhiteElo "1426"]
[BlackElo "1395"]
[PlyCount "109"]
[EventDate "2019.10.13"]
[EventType "team-tourn"]
[EventRounds "11"]
[EventCountry "SVK"]
[SourceTitle "CBM 194 Extra"]
[Source "ChessBase"]
[SourceDate "2020.03.31"]
[SourceVersion "1"]
[SourceVersionDate "2020.03.31"]
[SourceQuality "1"]
[WhiteTeam "Holic II"]
[BlackTeam "Kopcany"]
[WhiteTeamCountry "SVK"]
[BlackTeamCountry "SVK"]

1. e4 e5 2. Nf3 Nc6 3. Bb5 Nd4 4. Nxd4 exd4 5. d3 a6 6. Ba4 c6 7. Bd2 Nf6 8. c3 Bc5 9. 0-0 d6 10. Bg5 Bg4 11. Qc2 b5 12. Bb3 a5 13. cxd4 a4 14. Bxf7+ Kxf7 15. dxc5 Re8 16. Bxf6 gxf6 17. f3 Be6 18. cxd6 Qxd6 19. Nc3 Rg8 20. e5 Qd4+ 21. Qf2 Qxe5 22. Rfe1 Qf5 23. Ne4 Qd5 24. Rac1 Rac8 25. Qa7+ Bd7 26. Qc5 Kg6 27. Qd6 Be6 28. Qf4 Qd4+ 29. Qe3 Qxb2 30. Nd6 Bh3 31. Re2 Qe5 32. Qxe5 fxe5 33. gxh3 Kh5+ 34. Kf2 Rcf8 35. Rxe5+ Kh4 36. Rf5 Rxf5 37. Nxf5+ Kxh3 38. Rxc6 Rg6 39. Rxg6 hxg6 40. Nd4 b4 41. Nc2 b3 42. axb3 axb3 43. Na3 Kh4 44. Ke3 Kg5 45. Ke4 Kf6 46. f4 b2 47. d4 Ke6 48. d5+ Kd6 49. Kd4 Kd7 50. Kc5 Kc7 51. d6+ Kd7 52. Kd5 Kd8 53. Ke6 Ke8 54. d7+ Kd8 55. Nb1 1-0

[Event "SVK-chT4 A21 1920"]
[Site "Slovakia"]
[Date "2020.01.12"]
[Round "6.5"]
[White "Pisecky, Jan"]
[Black "Oruzinsky, Juraj"]
[Result "0-1"]
[WhiteElo "1395"]
[BlackElo "1247"]
[PlyCount "76"]
[EventDate "2019.10.13"]
[EventType "team-tourn"]
[EventRounds "11"]
[EventCountry "SVK"]
[SourceTitle "CBM 194 Extra"]
[Source "ChessBase"]
[SourceDate "2020.03.31"]
[SourceVersion "1"]
[SourceVersionDate "2020.03.31"]
[SourceQuality "1"]
[WhiteTeam "Kopcany"]
[BlackTeam "Vrbove II"]
[WhiteTeamCountry "SVK"]
[BlackTeamCountry "SVK"]

1. e4 e5 2. Nf3 Nc6 3. Bc4 Bc5 4. d3 h6 5. c3 d6 6. h3 Be6 7. Nbd2 Nf6 8. Bxe6 fxe6 9. Qb3 Qc8 10. Nc4 0-0 11. Be3 Bb6 12. Nxb6 axb6 13. Nh4 Qd7 14. g4 Kh7 15. g5 hxg5 16. Bxg5 Qf7 17. Qd1 Nxe4 18. Qe2 Nxg5 19. a3 Nf3+ 20. Nxf3 Qxf3 21. Qxf3 Rxf3 22. Ke2 Raf8 23. Raf1 d5 24. Rh2 Ne7 25. Rg1 R3f5 26. Rg4 c5 27. h4 Ng6 28. d4 Rf4 29. Rg5 R8f5 30. Rhg2 Rxg5 31. hxg5 exd4 32. cxd4 Rxd4 33. Ke3 Rd3+ 34. Kxd3 Nf4+ 35. Kc3 Nxg2 36. b4 c4 37. Kd4 b5 38. f3 b6 0-1

[Event "SVK-chT4 A21 1819"]
[Site "Slovakia"]
[Date "2018.12.02"]
[Round "4.5"]
[White "Romanova, Ela"]
[Black "Pisecky, Jan"]
[Result "1-0"]
[WhiteElo "1362"]
[BlackElo "1331"]
[PlyCount "103"]
[EventDate "2018.10.14"]
[EventType "team-tourn"]
[EventRounds "11"]
[EventCountry "SVK"]
[SourceTitle "CBM 189 Extra"]
[Source "ChessBase"]
[SourceDate "2019.06.03"]
[SourceVersion "1"]
[SourceVersionDate "2019.06.03"]
[SourceQuality "1"]
[WhiteTeam "Skalica III"]
[BlackTeam "Kopcany"]
[WhiteTeamCountry "SVK"]
[BlackTeamCountry "SVK"]

1. e4 c5 2. Nf3 e6 3. d4 b6 4. Nc3 Bb7 5. Be2 Nf6 6. Bg5 Be7 7. Qd3 h6 8. Be3 d5 9. exd5 Nxd5 10. Nxd5 Bxd5 11. dxc5 Bxc5 12. Bxc5 bxc5 13. Qb5+ Nd7 14. c4 a6 15. Qa4 Bxf3 16. Bxf3 Ra7 17. Rd1 0-0 18. Bc6 Qb6 19. Rxd7 Rxd7 20. Bxd7 Qxb2 21. 0-0 Qb4 22. Qxb4 cxb4 23. Ba4 Rc8 24. Bb3 Kf8 25. Rd1 Ke7 26. f3 a5 27. Rc1 Rc5 28. Kf2 g5 29. Ke3 Re5+ 30. Kd4 f6 31. c5 Re2 32. Rg1 a4 33. Bxa4 Rxa2 34. Bb3 Ra8 35. Re1 e5+ 36. Kc4 Rb8 37. Rd1 f5 38. Rd5 Kf6 39. Rd6+ Kg7 40. Rb6 Rc8 41. Kxb4 e4 42. fxe4 fxe4 43. Re6 Rb8+ 44. Kc4 Rf8 45. Rxe4 Rf2 46. Rg4 Kf6 47. c6 Rf1 48. Kb5 Ke5 49. c7 Rf8 50. Rc4 Rc8 51. Kb6 Kd6 52. Rd4+ 1-0

[Event "SVK-chT4 A21 1718"]
[Site "Slovakia"]
[Date "2018.03.18"]
[Round "11.4"]
[White "Pisecky, Jan"]
[Black "Piestansky, Jan"]
[Result "1/2-1/2"]
[WhiteElo "1348"]
[BlackElo "1650"]
[PlyCount "109"]
[EventDate "2017.10.01"]
[EventType "team-tourn"]
[EventRounds "11"]
[EventCountry "SVK"]
[SourceTitle "EXT 2020"]
[Source "ChessBase"]
[SourceDate "2019.10.17"]
[SourceVersion "1"]
[SourceVersionDate "2019.10.17"]
[SourceQuality "1"]
[WhiteTeam "Kopcany"]
[BlackTeam "Chtelnica Kamenar"]
[WhiteTeamCountry "SVK"]
[BlackTeamCountry "SVK"]

1. e4 e5 2. Bc4 Nf6 3. Nc3 h6 4. d3 d6 5. h3 Nbd7 6. Be3 Be7 7. Nge2 Nb6 8. Bb3 c6 9. f4 exf4 10. Nxf4 0-0 11. Qf3 Kh7 12. g4 Ng8 13. 0-0-0 Bg5 14. Rd2 Bxf4 15. Bxf4 Be6 16. Qg3 Bxb3 17. cxb3 d5 18. h4 d4 19. Ne2 c5 20. h5 f6 21. Bd6 Rf7 22. Rc2 Nd7 23. Nf4 Qa5 24. Kb1 Re8 25. Ng6 Ne7 26. Bxe7 Rfxe7 27. Qd6 Qd8 28. Nxe7 Qxe7 29. Qxe7 Rxe7 30. b4 b6 31. bxc5 bxc5 32. b4 Re5 33. b5 Rg5 34. Rg1 Nb6 35. Rf2 Nd7 36. Rf5 Ne5 37. Rxg5 hxg5 38. Kc2 Nf3 39. Rg3 Ne5 40. a4 Kg8 41. a5 Nd7 42. Kb3 Kf7 43. Kc4 Ke6 44. Rh3 Kd6 45. Kb3 Ne5 46. Rg3 Kc7 47. Ka4 Kb7 48. Kb3 Kc7 49. Kc2 Kd6 50. Rg1 Kc7 51. Rg2 Kd6 52. Kd2 Kc7 53. Ke2 Kb8 54. Rg3 Kc7 55. Kf2 1/2-1/2

[Event "SVK-chT4 A21 1718"]
[Site "Slovakia"]
[Date "2018.01.28"]
[Round "8.5"]
[White "Novomeska, Karin"]
[Black "Pisecky, Jan"]
[Result "0-1"]
[WhiteElo "1205"]
[BlackElo "1378"]
[PlyCount "78"]
[EventDate "2017.10.01"]
[EventType "team-tourn"]
[EventRounds "11"]
[EventCountry "SVK"]
[SourceTitle "EXT 2019"]
[Source "ChessBase"]
[SourceDate "2018.10.10"]
[SourceVersion "1"]
[SourceVersionDate "2018.10.10"]
[SourceQuality "1"]
[WhiteTeam "Stefanov"]
[BlackTeam "Kopcany"]
[WhiteTeamCountry "SVK"]
[BlackTeamCountry "SVK"]

1. d4 d5 2. c4 e6 3. Nc3 c6 4. cxd5 exd5 5. Nf3 Bf5 6. Bf4 Na6 7. a3 f6 8. e3 Nc7 9. Bd3 Bg4 10. 0-0 Ne6 11. Bg3 Ng5 12. Be2 Nxf3+ 13. Bxf3 Bxf3 14. Qxf3 Bd6 15. Bxd6 Qxd6 16. Rfe1 0-0-0 17. Qd1 f5 18. Qa4 Kb8 19. Qb3 Nf6 20. a4 Ne4 21. Nxe4 fxe4 22. a5 a6 23. Rec1 Rd7 24. Rc2 Rf8 25. Rac1 Rc7 26. Qb6 Rf6 27. b4 Qd7 28. Qc5 Qd6 29. Qb6 Kc8 30. Rc5 h5 31. Qa7 Kd7 32. Qb6 h4 33. Qa7 g5 34. Qb8 Rf8 35. Qa7 g4 36. Rf1 h3 37. g3 Qf6 38. Qb6 Qf3 39. Re1 Qg2# 0-1

[Event "SVK-chT4 A21 1718"]
[Site "Slovakia"]
[Date "2017.11.12"]
[Round "4.5"]
[White "Pinkas, Jan"]
[Black "Pisecky, Jan"]
[Result "0-1"]
[WhiteElo "1471"]
[BlackElo "1348"]
[PlyCount "110"]
[EventDate "2017.10.01"]
[EventType "team-tourn"]
[EventRounds "11"]
[EventCountry "SVK"]
[SourceTitle "EXT 2019"]
[Source "ChessBase"]
[SourceDate "2018.10.10"]
[SourceVersion "1"]
[SourceVersionDate "2018.10.10"]
[SourceQuality "1"]
[WhiteTeam "Spacince"]
[BlackTeam "Kopcany"]
[WhiteTeamCountry "SVK"]
[BlackTeamCountry "SVK"]

1. e4 e5 2. Nf3 d6 3. h3 h6 4. b3 Nf6 5. Nc3 c6 6. d4 exd4 7. Nxd4 Nbd7 8. Bd3 Ne5 9. 0-0 g5 10. f4 Nxd3 11. cxd3 c5 12. Nf5 g4 13. hxg4 Rg8 14. g5 hxg5 15. fxg5 Nh7 16. Qh5 Nxg5 17. Bxg5 Qxg5 18. Qxg5 Rxg5 19. Nd5 Kd8 20. Rf4 Be6 21. Nde3 Be7 22. g4 Kd7 23. Kg2 Bf6 24. Rh1 Be5 25. Rf3 Bd4 26. Rh4 Rag8 27. Kh3 Bxe3 28. Nxe3 b5 29. Rf4 a5 30. Rf2 Kc6 31. Kg3 R8g7 32. Rc2 d5 33. exd5+ Bxd5 34. Rh6+ Be6 35. Rf6 Kd6 36. Rcf2 Ke5 37. R6f4 f5 38. Re2 Kd6 39. d4 fxg4 40. dxc5+ Rxc5 41. Nxg4 Rc3+ 42. Kh4 Bxg4 43. Rxg4 Rxg4+ 44. Kxg4 Kc5 45. Kf4 Kb4 46. Ke4 Kc5 47. Rd2 Kb4 48. Kd4 Rc1 49. Kd3 Rc3+ 50. Kd4 Rc1 51. Kd3 Ka3 52. Rc2 Rxc2 53. Kxc2 Kxa2 54. Kc3 Ka3 55. Kc2 b4 0-1

[Event "SVK-chT4 A21 1718"]
[Site "Slovakia"]
[Date "2017.10.29"]
[Round "3.4"]
[White "Kastler, Peter"]
[Black "Pisecky, Jan"]
[Result "1-0"]
[WhiteElo "1731"]
[BlackElo "1348"]
[PlyCount "113"]
[EventDate "2017.10.01"]
[EventType "team-tourn"]
[EventRounds "11"]
[EventCountry "SVK"]
[SourceTitle "EXT 2019"]
[Source "ChessBase"]
[SourceDate "2018.10.10"]
[SourceVersion "1"]
[SourceVersionDate "2018.10.10"]
[SourceQuality "1"]
[WhiteTeam "Gbely Nafta III"]
[BlackTeam "Kopcany"]
[WhiteTeamCountry "SVK"]
[BlackTeamCountry "SVK"]

1. d4 d5 2. c4 e6 3. Nc3 Bb4 4. e3 Nf6 5. Bd2 Bxc3 6. Bxc3 Ne4 7. Rc1 Qf6 8. Nf3 Nd7 9. Be2 h5 10. 0-0 g5 11. Nd2 g4 12. f3 Nxc3 13. Rxc3 Qg5 14. fxg4 hxg4 15. g3 Nf6 16. Rf2 c6 17. Qf1 Rh6 18. Qc1 Bd7 19. Bd3 0-0-0 20. e4 Rdh8 21. e5 Nh5 22. Nf1 f5 23. exf6 Nxf6 24. Rcc2 Ne8 25. Rce2 Nd6 26. cxd5 Qxd5 27. Qc3 Nf5 28. Bxf5 exf5 29. Ne3 Qxa2 30. b3 Qb1+ 31. Re1 Qe4 32. Nxf5 Qxf5 33. Rxf5 Rxh2 34. Rf8+ Rxf8 35. Kxh2 Rf3 36. Re3 Rf1 37. Kg2 Rf5 38. Qe1 b6 39. b4 c5 40. Re5 Bc6+ 41. d5 Bxd5+ 42. Rxd5 Rxd5 43. Qe6+ Rd7 44. bxc5 bxc5 45. Qxg4 a6 46. Qc4 Kb7 47. Qxc5 Rc7 48. Qa5 Rc6 49. g4 Rb6 50. Kg3 Rb5 51. Qa4 Kb6 52. Kh4 a5 53. Qd4+ Rc5 54. g5 Kb5 55. Qxc5+ Kxc5 56. g6 a4 57. g7 1-0

[Event "SVK-chT5 1516"]
[Site "Slovakia"]
[Date "2015.11.28"]
[Round "3.4"]
[White "Pisecky, Jan"]
[Black "Nesnadny, Tomas"]
[Result "1-0"]
[WhiteElo "1478"]
[BlackElo "1000"]
[PlyCount "35"]
[EventDate "2015.10.24"]
[EventType "team-tourn"]
[EventRounds "9"]
[EventCountry "SVK"]
[SourceTitle "CBM 170 Extra"]
[Source "ChessBase"]
[SourceDate "2016.02.25"]
[SourceVersion "1"]
[SourceVersionDate "2016.02.25"]
[SourceQuality "1"]
[WhiteTeam "Kopcany"]
[BlackTeam "Borsky Mikulas"]
[WhiteTeamCountry "SVK"]
[BlackTeamCountry "SVK"]

1. e4 e5 2. Bc4 Nf6 3. Nc3 Bc5 4. h3 d6 5. d3 0-0 6. Nf3 Nc6 7. Bg5 h6 8. Bh4 Re8 9. Nd5 Be6 10. Nxf6+ gxf6 11. Bxe6 Rxe6 12. c3 a6 13. Nh2 Qe8 14. Qh5 f5 15. exf5 Re7 16. f6 Rd7 17. Qg4+ Kf8 18. Qg7# 1-0